000 00474nam a22001217a 4500
999 _c9332
_d9332
003 OSt
008 201203b ||||| |||| 00| 0 eng d
245 _aJournal of Indian Water Works Association
250 _a2016(Jan-Mar Vol.48 No.1, Jul-Sep Vol.48 No.3, Oct-Dec Vol.48 No.4) 2017(Jan-Mar Vol.49 No.1, Jan-Mar Vol.49 No.1, Apr-Jun Vol.49 No.2) 2018(Apr-Jun Vol.50 No.2)
260 _aNew Delhi
_bIndian Water Works Association
650 _aCivil Engineering
942 _2ddc
_cBV